| 000 | 00434nam a2200145 a 4500 | ||
|---|---|---|---|
| 001 | 1830 | ||
| 003 | CDMR | ||
| 005 | 20130116135215.0 | ||
| 008 | 130130s1989||||||||||||||||||||||||||||d | ||
| 040 |
_aCDMR _bcat _cCPC GIRONA |
||
| 100 | 1 |
_aTharrats, Josep _91367 |
|
| 245 | 1 | 0 |
_aL'entorn d'Emília Xargay _cTharrats, Joan Josep , Iriarte, Joan |
| 260 |
_c1989 _bCol·legi Oficial d'Aparelladors i Arquitectes Tècnics de Girona |
||
| 942 | _cMON | ||
| 999 |
_c1830 _d1830 |
||